| 000 | 00638nam a2200217 a 4500 | ||
|---|---|---|---|
| 999 |
_c9885 _d9885 |
||
| 001 | 9885 | ||
| 003 | BD-JhCC | ||
| 005 | 20180403093845.0 | ||
| 008 | 180403s1967 bg |||| |||a 000 0 ben d | ||
| 035 | _a(BD-JhCC)9885 | ||
| 040 |
_aBD-JhCC _dBD-JhCC |
||
| 041 | _aben | ||
| 082 |
_a891.443 _bANS 1967 |
||
| 100 | _aআনসারী, কে, এম, এইচ | ||
| 245 |
_aবৈমানিক জীবন / _cকে, এম, এইচ আনসারী, |
||
| 260 |
_aঢাকা : _bমফিজ বুক হাউস, _c1967 |
||
| 300 |
_a108 p. : _c18 cm. |
||
| 650 | _aBengali Nobel | ||
| 942 |
_2ddc _cBK |
||